00291nam a22001097a 4500003000500000005001700005008004100022050002200063100002100085245005800106250001700164SSLC20160802094903.0160603b xxu||||| |||| 00| 0 eng d aQR 63b.M252 2009 aMallari, Jose A. aLaboratory manual in microbiology /cJose A. Mallari. a2nd edition.